000 00955nam a22003257i 4500
003 EG-GICUC
005 20260210211507.0
008 260210s2001 fr ||||fr|||| 000 0 fre d
020 _a2711133206
040 _aEG-GiCUC
_bfre
_cEG-GiCUC
_dEG-GiCUC
_eRda
082 0 4 _221
_a341.85
_bBO . A
092 0 4 _221
099 _aLaw1 11 341.85 BO . A 2001
100 1 _aBoyé, Éric
_eAuteur
245 1 3 _aL'anglais Des Contrats Internationaux /
_cÉric Boyé.
_n
250 _a2 Édition
264 1 _aparis :
_bLitec,
_c2001.
300 _a287page :
_billustration ;
_c 24 cm.
336 _2rda contenu
_a texte
337 _2rda medias
_aOrdinateur
338 _2 transporteur rda
_a Ressource en ligne
500 _a
504 _a
546 _aTexte en français
650 1 4 _aDroit international privé
_2
651 1 _2
856 4 0 _uhttps://fll.law.cu.edu.eg/fulltext/bks/B11-07503.pdf
905 _a50
942 _2ddc
_cBK
_e21
_n0
999 _c62512
_d62512